Informacijni systemy pidtrymky pryňnjattyja rišeň vručnu
Gespeichert in:
| 1. Verfasser: | |
|---|---|
| Weitere Verfasser: | |
| Format: | Buchkapitel |
| Sprache: | Ukrainisch |
| Schlagworte: | |
| Tags: |
Keine Tags, Fügen Sie das erste Tag hinzu!
|
MARC
| LEADER | 00000naa a2200000 4500 | ||
|---|---|---|---|
| 001 | 0281711 | ||
| 005 | 20240502083906.5 | ||
| 041 | 0 | |a ukr | |
| 044 | |a UA | ||
| 245 | 1 | 0 | |a Informacijni systemy pidtrymky pryňnjattyja rišeň vručnu |c Mariya Kuznetsova, H. Koblianska |
| 610 | 2 | 0 | |a systémy informačné |
| 610 | 2 | 0 | |a rozhodovanie |
| 100 | 1 | |a Kuznetsova, Mariya, 1992- | |
| 700 | 1 | |a Koblianska, H. | |